NLSUI OPAC header image

Guide to GATT law and practice. Vol.I : Articals I-XXI (Record no. 10499)

MARC details
000 -LEADER
fixed length control field 00405nam a2200157Ia 4500
008 - FIXED-LENGTH DATA ELEMENTS--GENERAL INFORMATION
fixed length control field 160316s1995 xxu||||| |||| 00| 0 eng d
082 ## - DEWEY DECIMAL CLASSIFICATION NUMBER
Classification number 341.754000
Item number GUI-I
100 ## - MAIN ENTRY--PERSONAL NAME
Personal name
245 ## - TITLE STATEMENT
Title Guide to GATT law and practice. Vol.I : Articals I-XXI
250 ## - EDITION STATEMENT
Edition statement 6th
260 ## - PUBLICATION, DISTRIBUTION, ETC.
Place of publication, distribution, etc. Geneva
Name of publisher, distributor, etc. WTO
Date of publication, distribution, etc. 1995
300 ## - PHYSICAL DESCRIPTION
Extent 610p
Other physical details
Dimensions
365 ## - TRADE PRICE
Price amount Sfr-150/-for 2.
650 ## - SUBJECT ADDED ENTRY--TOPICAL TERM
Topical term or geographic name entry element 1.GATT - Law and Practice
700 ## - ADDED ENTRY--PERSONAL NAME
Personal name
--
Holdings
Withdrawn status Lost status Damaged status Not for loan Home library Current library Shelving location Date acquired Cost, normal purchase price Total Checkouts Full call number Barcode Date last seen Price effective from Koha item type
        . .   30.05.2017 150.00   341.754 GUI-I 10785 30.05.2017 30.05.2017 BOOKs